书目信息 |
| 题名: |
混凝土生产与质量控制= Concrete production and quality control
|
|
| 作者: | 张慧爱 主编 | |
| 分册: | ||
| 出版信息: | 武汉 武汉理工大学出版社 2015.08 |
|
| 页数: | 174页 | |
| 开本: | 29cm | |
| 丛书名: | ||
| 单 册: | ||
| 中图分类: | TU528.06 | |
| 科图分类: | ||
| 主题词: | 混凝土--hun ning tu--生产工艺--高等职业教育--教材 , 混凝土--hun ning tu--质量控制--高等职业教育--教材 | |
| 电子资源: | ||
| ISBN: | 978-7-5629-4714-1 | |
| 000 | 01337nam0 2200325 450 | |
| 001 | 0100195311 | |
| 005 | 20201118161649.05 | |
| 010 | @a978-7-5629-4714-1@dCNY25.00 | |
| 100 | @a20151104d2015 em y0chiy50 ea | |
| 101 | 0 | @achi |
| 102 | @aCN@b420000 | |
| 105 | @aak a 000yy | |
| 106 | @ar | |
| 200 | 1 | @a混凝土生产与质量控制= Concrete production and quality control@Ahun ning tu sheng chan yu zhi liang kong zhi=Concrete production and quality control@d= Concrete production and quality control@f张慧爱主编@Fzhang hui ai zhu bian@zeng |
| 210 | @a武汉@c武汉理工大学出版社@d2015.08 | |
| 215 | @a174页@c图@d29cm | |
| 300 | @a国家骨干高职院校建设项目成果 | |
| 320 | @a有书目 | |
| 330 | @a本书共分为七个项目, 包括: 混凝土原材料进厂的检测与验收、混凝土生产、混凝土力学性能及测试、混凝土耐久性及测试、混凝土常见质量问题的处理、混凝土工程质量评定、混凝土配合比设计。 | |
| 333 | @a高等职业教育材料工程技术专业规划教材 | |
| 510 | 1 | @aConcrete production and quality control@zeng |
| 540 | @a混凝土生产与质量控制 | |
| 606 | 0 | @a混凝土@Ahun ning tu@x生产工艺@x高等职业教育@j教材 |
| 606 | 0 | @a混凝土@Ahun ning tu@x质量控制@x高等职业教育@j教材 |
| 690 | @aTU528.06@v5 | |
| 701 | 0 | @a张慧爱@Azhang hui ai@4主编 |
| 801 | @aCN | |
| 803 | @a高职 | |
| 901 | @a21 | |
| 905 | @a河南城建学院图书馆@b1294331-3@dTU528.06@eZ110@f3 | |
| 混凝土生产与质量控制= Concrete production and quality control= Concrete production and quality control/张慧爱主编.-武汉:武汉理工大学出版社,2015.08 |
| 174页:图;29cm |
| 国家骨干高职院校建设项目成果.-使用对象:高等职业教育材料工程技术专业规划教材 |
| ISBN 978-7-5629-4714-1:CNY25.00 |
| 本书共分为七个项目, 包括: 混凝土原材料进厂的检测与验收、混凝土生产、混凝土力学性能及测试、混凝土耐久性及测试、混凝土常见质量问题的处理、混凝土工程质量评定、混凝土配合比设计。 |
| ● |
| 相关链接 |
|
|
|
正题名:混凝土生产与质量控制= Concrete productio
索取号:TU528.06/Z110
 
预约/预借
| 序号 | 登录号 | 条形码 | 馆藏地/架位号 | 状态 | 备注 |
| 1 | 1294331 | 212943317 | 建筑库201/201建筑库 8排1列5层/ [索取号:TU528.06/Z110] | 在馆 | |
| 2 | 1294332 | 212943324 | 建筑库201/201建筑库 8排1列5层/ [索取号:TU528.06/Z110] | 在馆 | |
| 3 | 1294333 | 212943331 | 建筑库201/201建筑库 8排1列5层/ [索取号:TU528.06/Z110] | 在馆 |